Understanding women behaviour/ (Record no. 8134)

MARC details
000 -LEADER
fixed length control field 00716 a2200205 4500
010 ## - LCCN (DPL NO)
LC control number ENG-88326
020 ## - INTERNATIONAL STANDARD BOOK NUMBER
Terms of availability 900.00
International Standard Book Number 8182202019
035 ## - SYSTEM CONTROL NUMBER
System control number EN-71859
037 ## - SOURCE OF ACQUISITION
Source of stock number/acquisition DBAD / PUB
082 14 - DEWEY DECIMAL CLASSIFICATION NUMBER
Classification number 305.4
245 1# - TITLE STATEMENT
Title Understanding women behaviour/
Statement of responsibility, etc edited by Amrita Yadava, Sushma Sharma [and] Nov Rattan Sharma
260 ## - PUBLICATION, DISTRIBUTION, ETC. (IMPRINT)
Place of publication, distribution, etc New Delhi
Name of publisher, distributor, etc Global Vision Publishing House
Date of publication, distribution, etc 2007
270 ## - ADDRESS
Address F-4, 1st Floor, `Hari Sadan' 20, Ansari Road, Daryaganj,
City New Delhi
Postal code 110 002
300 ## - PHYSICAL DESCRIPTION
Extent xxvi, 430p.
Dimensions 22cm (Hb)
500 ## - GENERAL NOTE
General note Includes bibliographical references and index
700 ## - ADDED ENTRY--PERSONAL NAME
Personal name Yadava, Amrita
700 ## - ADDED ENTRY--PERSONAL NAME
Personal name Sharma, Sushma
700 ## - ADDED ENTRY--PERSONAL NAME
Personal name Sharma, Nov Rattan
942 ## - ADDED ENTRY ELEMENTS (KOHA)
Institution code [OBSOLETE] dpl
Item type English Books
Source of classification or shelving scheme Dewey Decimal Classification
Classification part 305.4
Call number suffix UND
Holdings
Withdrawn status Lost status Not for loan Collection code Home library Current library Source of acquisition Cost, normal purchase price Full call number Barcode Copy number Cost, replacement price Koha item type
    Not For Loan Non-fiction D.B.Act.Division D.B.Act.Division DBAD/PUB 900.00 305.4 UND EN-71859 1 900.00 English Books

© Delhi Public Library
Hit Counter
free hit counter